000 01568cam a2200217 4500500
005 20260329005131.0
041 _afre
042 _adc
100 1 0 _aMaurice, Paul
_eauthor
245 0 0 _aAllemagne : retour du service militaire ?
260 _c2026.
500 _a94
520 _aSuspendue en 2011, la conscription fait son retour en Allemagne en 2025, sous une forme nouvelle et volontaire. Un relatif consensus avait accompagné la décision de 2011. L’opinion est aujourd’hui plus segmentée, comme la classe politique. Le service volontaire masculin ainsi rétabli fait écho aux exigences de l’environnement géopolitique et aux besoins en effectifs de la Bundeswehr. Reste à savoir si la formule choisie remplira les attentes des responsables de la défense.politique étrangère
520 _aAbolished in 2011, conscription returned to Germany in 2025, albeit in a new, voluntary form. The decision in 2011 was broadly supported. Public opinion, like the political sphere, is more divided now. The reintroduction of voluntary service for men reflects the demands of the geopolitical landscape and the Bundeswehr’s need for troops. It remains to be seen whether the model chosen will fulfill the requirements of defense chiefs.
690 _aAllemagne
690 _aBundestag
690 _aBundeswehr
690 _aConscription
786 0 _nPolitique étrangère | Pritemps | 1 | 2026-03-05 | p. 119-129 | 0032-342X
856 4 1 _uhttps://shs.cairn.info/revue-politique-etrangere-2026-1-page-119?lang=fr&redirect-ssocas=7080
999 _c1840632
_d1840632